Man and superman. (Record no. 5876)
[ view plain ]
| 000 -LEADER | |
|---|---|
| fixed length control field | 01875cam a22004573a 4500 |
| 001 - CONTROL NUMBER | |
| control field | 15944388 |
| 003 - CONTROL NUMBER IDENTIFIER | |
| control field | OSt |
| 005 - DATE AND TIME OF LATEST TRANSACTION | |
| control field | 20260128161135.0 |
| 008 - FIXED-LENGTH DATA ELEMENTS--GENERAL INFORMATION | |
| fixed length control field | 960910s1966 xx 000 0deng |
| 010 ## - LIBRARY OF CONGRESS CONTROL NUMBER | |
| LC control number | 2009658137 |
| 020 ## - INTERNATIONAL STANDARD BOOK NUMBER | |
| International Standard Book Number | 014045019x |
| 035 ## - SYSTEM CONTROL NUMBER | |
| System control number | 15944388 |
| 035 ## - SYSTEM CONTROL NUMBER | |
| System control number | coe96001647 |
| 040 ## - CATALOGING SOURCE | |
| Original cataloging agency | KABLIB |
| Transcribing agency | KABLIB |
| 050 00 - LIBRARY OF CONGRESS CALL NUMBER | |
| Classification number | PN2093 |
| Item number | .C64 1995 no. M56 |
| 082 ## - DEWEY DECIMAL CLASSIFICATION NUMBER | |
| Edition number | 23 |
| Classification number | 822 |
| Item number | SHA |
| 245 00 - TITLE STATEMENT | |
| Title | Man and superman. |
| 260 ## - PUBLICATION, DISTRIBUTION, ETC. | |
| Date of publication, distribution, etc. | c1966. |
| Place of publication, distribution, etc. | New york |
| Name of publisher, distributor, etc. | Penguin |
| 300 ## - PHYSICAL DESCRIPTION | |
| Extent | 264 p. : |
| Dimensions | 20 cm |
| 336 ## - CONTENT TYPE | |
| Content type term | text |
| Content type code | txt |
| Source | rdacontent |
| 337 ## - MEDIA TYPE | |
| Media type term | unmediated |
| Media type code | n |
| Source | rdamedia |
| 338 ## - CARRIER TYPE | |
| Carrier type term | volume |
| Carrier type code | nc |
| Source | rdacarrier |
| 500 ## - GENERAL NOTE | |
| General note | Olney Theatre, June 22-July 10, 1966. |
| 500 ## - GENERAL NOTE | |
| General note | Title devised by Library staff. |
| 500 ## - GENERAL NOTE | |
| General note | Cast: Mark Hammer, Donna Lynn Griessmer, Richard Bauer, Robert Milli, Joyce Ebert, Marie Carroll, Pat Hecht, Halo Wines, Richard Curnock, Chris Sarandon, Edward McPhillips. |
| 520 ## - SUMMARY, ETC. | |
| Summary, etc. | Olney Theatre, "Man and Superman," by George Bernard Shaw, directed by Leo Brady, settings and lighting by James D. Waring, costumes by Joseph Lewis. |
| 580 ## - LINKING ENTRY COMPLEXITY NOTE | |
| Linking entry complexity note | In: Richard L. Coe Theater Programs Collection (Library of Congress). |
| 655 #7 - INDEX TERM--GENRE/FORM | |
| Genre/form data or focus term | Theater programs |
| Geographic subdivision | Maryland |
| -- | Olney. |
| Source of term | rbgenr |
| 9 (RLIN) | 12683 |
| 655 #7 - INDEX TERM--GENRE/FORM | |
| Genre/form data or focus term | Theater programs |
| Chronological subdivision | 1966. |
| Source of term | rbgenr |
| 9 (RLIN) | 12557 |
| 700 1# - ADDED ENTRY--PERSONAL NAME | |
| Personal name | Brady, Leo, |
| Dates associated with a name | 1917- |
| 9 (RLIN) | 14816 |
| 700 1# - ADDED ENTRY--PERSONAL NAME | |
| Personal name | Waring, James D. |
| 9 (RLIN) | 12571 |
| 700 1# - ADDED ENTRY--PERSONAL NAME | |
| Personal name | Lewis, Joseph H., |
| Dates associated with a name | 1907-2000. |
| 9 (RLIN) | 12570 |
| 700 1# - ADDED ENTRY--PERSONAL NAME | |
| Personal name | Shaw, Bernard, |
| Dates associated with a name | 1856-1950. |
| Title of a work | Man and superman. |
| 9 (RLIN) | 14817 |
| 710 2# - ADDED ENTRY--CORPORATE NAME | |
| Corporate name or jurisdiction name as entry element | Olney Theatre (Organization : Olney, Md.) |
| 9 (RLIN) | 12687 |
| 710 2# - ADDED ENTRY--CORPORATE NAME | |
| Corporate name or jurisdiction name as entry element | Richard L. Coe Theater Programs Collection (Library of Congress) |
| Institution to which field applies | DLC |
| 9 (RLIN) | 6127 |
| 752 ## - ADDED ENTRY--HIERARCHICAL PLACE NAME | |
| Country or larger entity | United States |
| First-order political jurisdiction | Maryland |
| City | Olney. |
| 906 ## - LOCAL DATA ELEMENT F, LDF (RLIN) | |
| a | 7 |
| b | cbc |
| c | origres |
| d | 2 |
| e | ncip |
| f | 20 |
| g | y-genrareb |
| 942 ## - ADDED ENTRY ELEMENTS (KOHA) | |
| Source of classification or shelving scheme | Dewey Decimal Classification |
| Koha item type | Book |
| Withdrawn status | Lost status | Source of classification or shelving scheme | Damaged status | Not for loan | Home library | Current library | Date acquired | Total Checkouts | Full call number | Barcode | Date last seen | Price effective from | Koha item type |
|---|---|---|---|---|---|---|---|---|---|---|---|---|---|
| Dewey Decimal Classification | Education Library | Education Library | 28.01.2026 | 822 SHA | 14197 | 28.01.2026 | 28.01.2026 | Book | |||||
| Dewey Decimal Classification | Education Library | Education Library | 28.01.2026 | 822 SHA | 14198 | 28.01.2026 | 28.01.2026 | Book | |||||
| Dewey Decimal Classification | Education Library | Education Library | 28.01.2026 | 822 SHA | 14199 | 28.01.2026 | 28.01.2026 | Book | |||||
| Dewey Decimal Classification | Education Library | Education Library | 28.01.2026 | 822 SHA | 14200 | 28.01.2026 | 28.01.2026 | Book | |||||
| Dewey Decimal Classification | Education Library | Education Library | 28.01.2026 | 822 SHA | 14201 | 28.01.2026 | 28.01.2026 | Book |